000 00497nam a2200193 a 4500
001 1757137942753
003 YourLibrary
005 20250908142700.0
008 250906s2007##################000#0#eng##
020 _a9780199283781
082 0 4 _a128.3
_bGRE
100 1 _aGreen, Mitchell S.,
_eauthor.
245 1 0 _aSelf-Expression :
260 _bOxford University Press,
_c2007.
300 _a248 pages
650 0 _aPhilosophy.
942 _cENGLISH
040 _aYourLibrary
_beng
_cYourLibrary
999 _c585857
_d585857